| 000 | 006650000a22002050004500 | ||
|---|---|---|---|
| 001 | 35616 | ||
| 010 | _a978-989-671-095-8 | ||
| 100 | _a20151104d2011 m y0pory5003 ba | ||
| 101 | 0 |
_apor _cspa |
|
| 102 | _aPT | ||
| 200 | 1 |
_aViagem de autocarro _fJosep Pla _gpref. e trad. Carlos Vaz Marques |
|
| 210 |
_aLisboa _cTinta-da-China _d2011 |
||
| 215 | _a277, [3] p | ||
| 304 | _aTít. orig. : Viaje en autobús. | ||
| 675 |
_a821.134.2-992"19" _vBN _zpor |
||
| 700 | 1 |
_937131 _aPla _bJosep _f1897-1981 |
|
| 702 | 1 |
_929874 _aMarques _bCarlos Vaz _f1964- _4730 |
|
| 090 | _a35616 | ||
| 942 |
_cMON _n0 |
||
| 999 | _a35616 | ||